Población, fuerza de trabajo y rebelión en el siglo XXI (Registro nro. 184209)

Detalles MARC
000 -ENCABEZADO
Número de control [NR] 01055cam a2200265Mi 4500
005 - FECHA Y HORA DE LA ÚLTIMA TRANSACCIÓN
control field 20140903175018.0
008 - DE LONGITUD FIJA DE DATOS DE ELEMENTOS - INFORMACIÓN GENERAL
Elementos de longitud fija [NR] 140129s2011 ck d frn 001 0 spa d
020 ## - NUMERO INTERNACIONAL NORMALIZADO PARA LIBROS [R]
Número Internacional Normalizado del libro [NR] 9789588454337
040 ## - FUENTE DE CATALOGACION [NR]
Agencia de catalogación original [NR] Co-BoUCM
Idioma de catalogación [NR] spa
Quien Cataloga
Quien Clasifica
041 ## - CODIGO DE IDIOMA [R]
Código de idioma para texto/pista de sonido o título separado [R] Español
043 ## - CODIGO DE AREA GEOGRAFICA [NR]
Código de área geográfica [R] e------
050 #4 - SIGNATURA TOPOGRAFICA DE LA BIBLIOTECA DEL CONGRESO (LC) [R]
Número clasificador [R] HD8031
Número del ítem [NR] .D54 2011
100 1# - ASIENTO PRINCIPAL--NOMBRE PERSONAL [NR]
Nombre personal [NR] Dierckxsens, Wim
ID Autoridad 54498
245 10 - MENCION DE TITULO [NR]
Título [NR] Población, fuerza de trabajo y rebelión en el siglo XXI
Parte restante del título [NR] ¿De las revueltas populares de 1848 en Europa a la rebelión mundial en 2011?
Mención de responsabilidad, etc. [NR] Wim Dierckxsens
260 ## - PUBLICACION, DISTRIBUCION, ETC. (PIE DE IMPRENTA) [R]
Lugar de publicación, distribución, etc. [R] Bogotá
Nombre del editor, distribuidor, etc. [R] Ediciones Desde Abajo
Fecha de publicación, distribución, etc. [R] 2011
300 ## - DESCRIPCION FISICA [R]
Extensión [R] 131 páginas
Dimensiones [R] tablas, gráficos
490 ## - MENCION DE SERIE [R]
Mención de serie [R] Pensadores latinoamericanos
504 ## - NOTA DE BIBLIOGRAFIA, ETC. [R]
Nota de bibliografía, etc. [NR] Incluye referencias bibliográficas e índices
650 #7 - ASIENTO SECUNDARIO DE MATERIA - TERMINO TEMATICO [R]
Término temático o nombre geográfico como elemento de entrada [NR] Movimientos campesinos
Subdivisión general [R] Historia
9 (RLIN) 19832
Subdivisión geográfica [R] Europa
Subdivisión cronológica [R] Siglo XIX
650 #7 - ASIENTO SECUNDARIO DE MATERIA - TERMINO TEMATICO [R]
Término temático o nombre geográfico como elemento de entrada [NR] Movimientos sociales
Subdivisión general [R] Historia
9 (RLIN) 19847
650 #7 - ASIENTO SECUNDARIO DE MATERIA - TERMINO TEMATICO [R]
Término temático o nombre geográfico como elemento de entrada [NR] Trabajadores
Subdivisión general [R] Actividad política
-- Historia
9 (RLIN) 25568
690 ## - ASUNTO AGREGADO LOCAL DE ENTRADA - TÉRMINO TEMÁTICO (OCLC, RLIN)
9 (RLIN) 42914
Acceso temático local Sociología
942 ## - ELEMENTOS DE ENTRADA AGREGADOS (KOHA)
Tema principal Sociología
Tipo de ítem principal el descrito en 300a Libro
Edición 1
Parte restante de la signatura top. D563
Sistema de clasificación DEWEY
Clasificación 303.484
Existencias
Signatura topográfica Código de barras Última vez visto Ejemplar Costo de reposición Price effective from Tipo de ítem Perdido Sistema de clasificación Dañado No prestable Tipo de ítem específico Suprimido Ubicación habitual Ubicación actual Localización Fecha de creación Proveedor Forma de adquisición Costo
303.484 D563 100139856 02/12/2024 Ej.1 25500.00 17/12/2013 Libro   DEWEY     Libro   Bodega Bodega 5to piso 17/12/2013 10 Compra 25500.00